| 000 | 00504nam a22001817a 4500 | ||
|---|---|---|---|
| 005 | 20251108164217.0 | ||
| 008 | 250721s1995 xx 000 0 ara d | ||
| 082 | 1 | 4 | _a326.9624/محم |
| 100 | 1 | _aنقد، محمد إبراهيم | |
| 245 | 1 | 0 |
_aعلاقات الرق في المجتمع السوداني : _bتوثيق و تعليقاً / |
| 264 | _c1995. | ||
| 300 | _a444ص | ||
| 650 | 1 | 7 | _aالرق |
| 650 | 1 | 7 | _aالسودان |
| 650 | 1 | 7 | _aالتاريخ |
| 942 |
_2ddc _cBK |
||
| 999 |
_c6441 _d6441 |
||